000 00367nam a2200145Ia 4500
005 20251222143211.0
008 251222s9999||||xx |||||||||||||| ||spa||
020 _a978-84-7197-870-7
082 _a371.5/F41
100 _aFernández García, Isabel
245 0 _aGuía para la Convivencia en el Aula
250 _a4a.ed.
264 _bWolters Kluwer
942 _cLIB
999 _c13428
_d13428